| 000 | 00419nab a2200145Ia 4500 | ||
|---|---|---|---|
| 003 | ES-SlBCS | ||
| 005 | 20210601124306.0 | ||
| 008 | 140529s1977 xxu||||| |||| 00| 0 eng d | ||
| 041 | _aeng | ||
| 100 | 1 |
_aRich, John Martin _9139276 |
|
| 245 | 0 | 0 |
_aOn Educating the emotions _c John Martin Rich |
| 650 | 0 | 4 |
_aEducación _986687 |
| 773 | 0 |
_tEducational Theory _gvol. 27, nº. 4, 1977, págs. 291-296 _wRev1399 |
|
| 942 | _cAR | ||
| 999 |
_c512431 _d512431 |
||